El absoluto literario: teoría de la literatura del romanticismo alemán
Guardat en:
| Autor principal: | |
|---|---|
| Altres autors: | |
| Format: | Llibre |
| Idioma: | espanyol |
| Publicat: |
Buenos Aires
Eterna Cadencia
2012
|
| Edició: | 1a. ed |
| Matèries: | |
| Etiquetes: |
Afegir etiqueta
Sense etiquetes, Sigues el primer a etiquetar aquest registre!
|
MARC
| LEADER | 00000cam a2200000 a 4500 | ||
|---|---|---|---|
| 001 | UCF3313 | ||
| 003 | CL-VaPUC | ||
| 008 | 121004e20120700AG |||||||||||||||||spa|d | ||
| 020 | |a 9789871673643 | ||
| 082 | 0 | 4 | |a 838 |b LAC |2 21 |
| 100 | |a Lacoue-Labarthe, Philippe |e author |9 592316 | ||
| 700 | |a Nancy, Jean-Luc |e autor |9 592317 | ||
| 245 | 1 | 3 | |a El absoluto literario: teoría de la literatura del romanticismo alemán |
| 250 | |a 1a. ed | ||
| 300 | |a 541 p | ||
| 942 | |c BK | ||
| 945 | |d 20121004 00:00:00 |a dcastane | ||
| 260 | |a Buenos Aires |b Eterna Cadencia |c 2012 | ||
| 650 | 0 | |a Romanticismo alemán |9 375288 | |
| 650 | 0 | |a Romanticismo en la literatura |9 313777 | |
| 650 | 0 | |a Literatura alemana |9 265457 | |
| 583 | |a last modification |c 20121004 18:42:00 |k Rodrigo Vera | ||
| 999 | |c 349748 |d 349746 | ||
| 952 | |0 0 |1 0 |4 0 |6 838_000000000000000_LAC_2012 |7 0 |8 A |9 452517 |a BIBART |b BIBART |d 2019-11-22 |i 4912632 |o 838 LAC 2012 |p 4912632 |r 2025-03-13 |w 2019-11-22 |y BK |k ART | ||